000 01364cam a2200349 i 4500
001 14951538
003 EG-ScBUE
005 20241210094945.0
008 070802t2008 flua f b 001 0 eng d
020 _a9781584885665 (alk. paper)
020 _a1584885661 (alk. paper)
040 _aDLC
_beng
_erda
_cDLC
_dC#P
_dYDXCP
_dBWX
_dDLC
_dEG-ScBUE
082 0 4 _a519.50285
_222
_bMAR
100 1 _aMartinez, Wendy L.,
_eauthor.
_938774
245 1 0 _aComputational statistics handbook with MATLAB /
_cWendy L. Martinez, The Office of Naval Research, Arlington, Viirginia, USA, Angel R. Martinez, Naval Surface Warfare Center, Dahlgren, Virginia, USA..
250 _aSecond edition.
264 1 _aBoca Raton :
_bChapman & Hall / CRC / Taylor & Francis,
_c[2008]
264 4 _cc2008
300 _axxiii, 767 pages :
_billustrations ;
_c25 cm.
336 _2rdacontent
_atext
_btxt
337 _aunmediated
_2rdamedia
_bn
338 _avolume
_bnc
_2rdacarrier
490 0 _aChapman & Hall/CRC computer science and data analysis series
504 _aIncludes bibliographical references and index.
630 0 7 _aMATLAB.
_2BUEsh
_9826
650 0 _920131
_aMathematical statistics
_xData processing.
_2BUEsh
651 _2BUEsh
653 _bENGELC
_cNovember2015
655 _vReading book
_934232
700 1 _aMartinez, Angel R.,
_eauthor.
_938774
942 _2ddc
_cBB
999 _c21064
_d21036